书目信息 |
| 题名: |
微信营销实战手册
|
|
| 作者: | 吴彪 , 杜一凡 著 | |
| 分册: | ||
| 出版信息: | 北京 人民邮电出版社 2014 |
|
| 页数: | 226页 | |
| 开本: | 23cm | |
| 丛书名: | ||
| 单 册: | ||
| 中图分类: | F713.365.2 | |
| 科图分类: | ||
| 主题词: | 网络营销 | |
| 电子资源: | ||
| ISBN: | 978-7-115-35115-9 | |
| 000 | 00898nam0 2200229 450 | |
| 001 | 139725 | |
| 005 | 20140913103037.37 | |
| 010 | @a978-7-115-35115-9@dCNY 49.80 | |
| 100 | @a20140721d2014 em y0chiy50 ea | |
| 101 | 0 | @achi |
| 102 | @aCN@b110000 | |
| 105 | @aa z 000yy | |
| 200 | 1 | @a微信营销实战手册@Awei xin ying xiao shi zhan shou ce@b专著@e赚钱技巧+运营方案+成功案例@f杜一凡,吴彪著 |
| 210 | @a北京@c人民邮电出版社@d2014 | |
| 215 | @a226页@c图@d23cm | |
| 330 | @a本书以其丰富的营销实践经验为基础,将微信营销的基本功能、不同群体的营销方法、各行各业的营销技巧、公众账号的吸粉策略,以及微信营销中需要注意的细节问题,逐一道来。这些内容涉及日常生活中的衣、食、住、行、乐、用等各个方面,还有丰富的案例供读者借鉴。 | |
| 606 | 0 | @a网络营销 |
| 690 | @aF713.365.2@v5 | |
| 701 | 0 | @a吴彪@Awu biao@4著 |
| 701 | 0 | @a杜一凡@Adu yi fan@4著 |
| 801 | 0 | @c20140913 |
| 905 | @a241430@dF713.365.2@eD880 | |
| 微信营销实战手册:赚钱技巧+运营方案+成功案例/杜一凡,吴彪著.-北京:人民邮电出版社,2014 |
| 226页:图;23cm |
| ISBN 978-7-115-35115-9:CNY 49.80 |
| 本书以其丰富的营销实践经验为基础,将微信营销的基本功能、不同群体的营销方法、各行各业的营销技巧、公众账号的吸粉策略,以及微信营销中需要注意的细节问题,逐一道来。这些内容涉及日常生活中的衣、食、住、行、乐、用等各个方面,还有丰富的案例供读者借鉴。 |
| ● |
| 相关链接 |
|
|
|
正题名:微信营销实战手册
索取号:F713.365.2/D880
 
预约/预借
| 序号 | 登录号 | 条形码 | 馆藏地/架位号 | 状态 | 备注 |
| 1 | 0831887 | 208318872 | 社科库409/409社科库 42排5列3层/ [索取号:F713.365.2/D880] | 在馆 | |
| 2 | 0831888 | 208318881 | 社科库409/422社科库 27排4列4层/ [索取号:F713.365.2/D880] | 在馆 | |
| 3 | 0831889 | 208318890 | 社科库409/409社科库 42排5列3层/ [索取号:F713.365.2/D880] | 在馆 |